Il Malmantile racquistato (Record no. 34854)
[ view plain ]
| 000 -LEADER | |
|---|---|
| fixed length control field | 01073cam a22002651 4500 |
| 001 - CONTROL NUMBER | |
| control field | it 01000239 |
| 003 - CONTROL NUMBER IDENTIFIER | |
| control field | DLC |
| 005 - DATE AND TIME OF LATEST TRANSACTION | |
| control field | 20260227111518.0 |
| 008 - FIXED-LENGTH DATA ELEMENTS--GENERAL INFORMATION | |
| fixed length control field | 810310s1731 it ac 000 0bita |
| 010 ## - LIBRARY OF CONGRESS CONTROL NUMBER | |
| LC control number | it 01000239 |
| 040 ## - CATALOGING SOURCE | |
| Original cataloging agency | DLC |
| Transcribing agency | CarP |
| Modifying agency | DLC |
| 050 00 - LIBRARY OF CONGRESS CALL NUMBER | |
| Classification number | PQ4627.L5 |
| Item number | M3 1731 |
| 100 1# - MAIN ENTRY--PERSONAL NAME | |
| Personal name | Lippi, Lorenzo, |
| Dates associated with a name | 1606-1665. |
| 245 13 - TITLE STATEMENT | |
| Title | Il Malmantile racquistato |
| Statement of responsibility, etc. | di Perlone Zipoli [pseud.] colle note di Puccio Lamoni [pseud.] e d'altri. |
| 260 ## - PUBLICATION, DISTRIBUTION, ETC. | |
| Place of publication, distribution, etc. | Firenze, |
| Name of publisher, distributor, etc. | Stamperia di M. Nestenus e F. Moücke, |
| Date of publication, distribution, etc. | 1731. |
| 300 ## - PHYSICAL DESCRIPTION | |
| Extent | 1 v. in 2. |
| Other physical details | 1 illus., 2 port. (1 fold.) |
| Dimensions | 25 cm. |
| 500 ## - GENERAL NOTE | |
| General note | Paged continuously. |
| 500 ## - GENERAL NOTE | |
| General note | Edited by A.M. Biscioni. |
| 500 ## - GENERAL NOTE | |
| General note | Added t.-p., engr. |
| 500 ## - GENERAL NOTE | |
| General note | Includes "Vita di Lorenzo Lippi ... scritta da Filippo Baldinucci" and "Notizie storiche e letterarie intorno al ... Paolo Minucci." |
| 700 1# - ADDED ENTRY--PERSONAL NAME | |
| Personal name | Biscioni, Antonio Maria, |
| Dates associated with a name | 1674-1756, |
| Relator term | ed. |
| 700 1# - ADDED ENTRY--PERSONAL NAME | |
| Personal name | Baldinucci, Filippo, |
| Dates associated with a name | 1625-1696. |
| 700 1# - ADDED ENTRY--PERSONAL NAME | |
| Personal name | Lamoni, Puccio, |
| Dates associated with a name | 1625-1695. |
| 710 2# - ADDED ENTRY--CORPORATE NAME | |
| Corporate name or jurisdiction name as entry element | Pre-1801 Imprint Collection (Library of Congress) |
| Institution to which field applies | DLC [from old catalog] |
No items available.